Online katalóg knižníc regiónu Turca

Rebrík do neba (Record no. 22348)

MARC details
000 -LEADER
fixed length control field 01047nam a2200349 a 4500
001 - CONTROL NUMBER
control field 22348
003 - CONTROL NUMBER IDENTIFIER
control field VRT
005 - DATE AND TIME OF LATEST TRANSACTION
control field 20260326145157.0
008 - FIXED-LENGTH DATA ELEMENTS--GENERAL INFORMATION
fixed length control field 090603s2008 xo a d 000 jdslo d
020 ## - INTERNATIONAL STANDARD BOOK NUMBER
International Standard Book Number 978809696636 (viaz.)
035 ## - SYSTEM CONTROL NUMBER
System control number (VRT)vtls009488654
039 #9 - LEVEL OF BIBLIOGRAPHIC CONTROL AND CODING DETAIL [OBSOLETE]
Level of rules in bibliographic description 200907290938
Level of effort used to assign nonsubject heading access points muro
Level of effort used to assign subject headings 200907201412
Level of effort used to assign classification pechova
Level of effort used to assign subject headings 200906031004
Level of effort used to assign classification edita
040 ## - CATALOGING SOURCE
Original cataloging agency GAGK
Language of cataloging slo
Transcribing agency UKB
Description conventions AACR2
041 0# - LANGUAGE CODE
Language code of text/sound track or separate title slo
044 ## - COUNTRY OF PUBLISHING/PRODUCING ENTITY CODE
MARC country code xo
ISO country code SK
072 #7 - SUBJECT CATEGORY CODE
Subject category code 821.162.4
Subject category code subdivision Slovenská literatúra
Source konspekt
080 ## - UNIVERSAL DECIMAL CLASSIFICATION NUMBER
Universal Decimal Classification number 821.162.4-32
Edition identifier 2004
080 ## - UNIVERSAL DECIMAL CLASSIFICATION NUMBER
Universal Decimal Classification number (0:82-32)
Edition identifier 2004
100 1# - MAIN ENTRY--PERSONAL NAME
Personal name Benčík, Emil,
Dates associated with a name 1933-
245 10 - TITLE STATEMENT
Title Rebrík do neba
Remainder of title zbožné a bezbožné poviedky a povedačky
Statement of responsibility, etc. Emil Benčík
260 ## - PUBLICATION, DISTRIBUTION, ETC.
Place of publication, distribution, etc. Bratislava
Name of publisher, distributor, etc. Emil Benčík
Date of publication, distribution, etc. 2008
300 ## - PHYSICAL DESCRIPTION
Extent 320 s.
Other physical details il.
653 ## - INDEX TERM--UNCONTROLLED
Uncontrolled term 821.162.4-32
653 ## - INDEX TERM--UNCONTROLLED
Uncontrolled term (0:82-32)
655 #7 - INDEX TERM--GENRE/FORM
Genre/form data or focus term slovenské poviedky
Source of term UKBPH
910 ## - USER-OPTION DATA (OCLC)
User-option data gagk
910 ## - USER-OPTION DATA (OCLC)
User-option data totk
910 ## - USER-OPTION DATA (OCLC)
User-option data ukb
942 ## - ADDED ENTRY ELEMENTS (KOHA)
Source of classification or shelving scheme Dewey Decimal Classification
Koha item type Krásna literatúra pre dospelých
Suppress in OPAC No
949 ## - LOCAL PROCESSING INFORMATION (OCLC)
6 1800421842
a SL.D.72015
b PV.5323-2009
949 ## - LOCAL PROCESSING INFORMATION (OCLC)
6 1800421843
a SK.D.40593
b PV.5324-2009
s 6707:20090819
Holdings
Stav vyradenia Strata Poškodenie Spôsob nadobudnutia Domovská knižnica Aktuálna knižnica Dátum nadobudnutia Total checkouts Čiarový kód exemplára Date last seen Typ exemplára
      Dar Obecná knižnica Turčianska Štiavnička Obecná knižnica Turčianska Štiavnička 26.03.2026   4738000767 26.03.2026 Krásna literatúra pre dospelých
Projekt je podporený Slovenskou asociáciou knižníc
Prevádzkuje Turčianska knižnica Martin 2026